Fraud examination / (Record no. 5740)
[ view plain ]
| 000 -LEADER | |
|---|---|
| fixed length control field | 01469cam a22002174a 4500 |
| 020 ## - INTERNATIONAL STANDARD BOOK NUMBER | |
| ISBN | 0324162960 |
| 020 ## - INTERNATIONAL STANDARD BOOK NUMBER | |
| ISBN | 9780324162967 |
| 050 00 - CALL NUMBER | |
| Classification number | HV6691 |
| Item number | .Al1 |
| 100 1# - AUTHOR | |
| Personal name | Albrecht, W. Steve. |
| 245 10 - TITLE | |
| Title | Fraud examination / |
| Statement of responsibility, etc | W. Steve Albrecht, Chad O. Albrecht, contributing editor. |
| 260 ## - PUBLICATION INFORMATION | |
| Place of publication | Mason, OH : |
| Name of publisher | Thomson South-Western, |
| Year of publication | c2003. |
| 300 ## - DESCRIPTION | |
| Number of Pages | xxii, 530 p. : |
| Other physical details | ill. ; |
| Dimensions | 24 cm. |
| 500 ## - NOTES | |
| General note | Includes index. |
| 505 ## - FORMATTED CONTENTS NOTE | |
| Table of Content | pt. 1. Introduction to Fraud --<br/>Ch. 1. The Nature of Fraud --<br/>Ch. 2. Who Commits Fraud and Why --<br/>Ch. 3. Fighting Fraud: An Overview --<br/>pt. 2. Fraud Prevention --<br/>Ch. 4. Preventing Fraud --<br/>pt. 3. Fraud Detection --<br/>Ch. 5. Recognizing the Symptoms of Fraud --<br/>Ch. 6. Proactive Approaches to Detecting Fraud --<br/>pt. 4. Fraud Investigation --<br/>Ch. 7. Investigating Theft and Concealment --<br/>Ch. 8. Conversion Investigation Methods --<br/>Ch. 9. Inquiry Methods and Fraud Reports --<br/>pt. 5. Management Fraud --<br/>Ch. 10. Financial Statement Fraud --<br/>Ch. 11. Revenue and Inventory Frauds --<br/>Ch. 12. Liability, Asset, and Inadequate Disclosure Frauds --<br/>pt. 6. Other Types of Fraud --<br/>Ch. 13. Fraud Against Organizations --<br/>Ch. 14. Bankruptcy and Divorce Fraud --<br/>Ch. 15. Fraud in E-Commerce --<br/>pt. 7. Resolution of Fraud --<br/>Ch. 16. Legal Follow-Up -- |
| 650 #0 - SUBJECTS | |
| Topical Term | Fraud. |
| 650 #0 - SUBJECTS | |
| Topical Term | Fraud |
| General subdivision | Prevention. |
| 650 #0 - SUBJECTS | |
| Topical Term | Forensic accounting. |
| 650 #0 - SUBJECTS | |
| Topical Term | Fraud investigation. |
| 700 1# - OTHER AUTHORS | |
| Personal name | Albrecht, Chad O. |
| 942 ## - ADDED ENTRY ELEMENTS (KOHA) | |
| Koha item type | Books |
| Withdrawn status | Lost status | Collection code | Home library | Current library | Shelving location | Date acquired | Full call number | Accession Number | Koha item type |
|---|---|---|---|---|---|---|---|---|---|
| Reference | Methodist University Library Main | Methodist University Library Main | General Stacks | 18/07/2019 | HV6691 .Al1 | 37822 | Books |